000
00348 a2200169 4500
001
184971
020
_a
85-16-02226-9
040
_c
Magnum
100
_a
Bandeira, Pedro
240
1
0
_a
A pequena bruxa
_l
por
245
1
0
_a
A pequena bruxa
300
_a
48
362
0
_a
1998
440
1
_a
Moderna
697
_a
LITERATURA INFANTO
942
_c
BK
999
_c
184971
_d
184971